Hellenistisches Silbergerät in antiken Gipsabgüssen /

Bibliographic Details
Corporate Author: Pelizaeus-Museum
Other Authors: Rubensohn, Otto
Format: Book
Language:German
Published: Berlin : K. Curtius, [1911]
Subjects:

MARC

Tag First Indicator Second Indicator Subfields
LEADER 00000cam a2200000 4500
001 in00000016115
005 20151007052704.0
008 771012s1911 gw af 00010 ger
010 |a  12027823  
035 |a (OCoLC)03335083 
035 |9 AAA8800AM 
040 |a DLC  |c JHE  |d OCL  |d TXA  |d UtOrBLW 
049 |a TXAM  |c [A09623276] 
050 0 0 |a NK7107  |b .H4 
110 2 |a Pelizaeus-Museum. 
245 1 0 |a Hellenistisches Silbergerät in antiken Gipsabgüssen /  |c von Otto Rubensohn. 
264 1 |a Berlin :  |b K. Curtius,  |c [1911] 
300 |a 89 pages, 21 leaves of plates :  |b illustrations ;  |c 30 cm. 
336 |a text  |b txt  |2 rdacontent 
337 |a unmediated  |b n  |2 rdamedia 
338 |a volume  |b nc  |2 rdacarrier 
500 |a Half-title: Aus dem Pelizaeus-museum zu Hildesheim. Festschrift zur Feier der Eröffnung des Museums, 29. juli 1911. 
650 0 |a Silverwork. 
650 0 |a Plaster casts. 
651 0 |a Egypt  |x Antiquities. 
650 0 |a Art  |z Germany  |z Hildesheim. 
700 1 |a Rubensohn, Otto. 
999 |a MARS 
999 f f |s 559c58eb-b715-3d1d-b0cd-5171063df869  |i 305f1ffd-170b-3409-b6c8-119816751294  |t 0 
952 f f |p normal  |a Texas A&M University  |b College Station  |c Sterling C. Evans Library  |d Evans: Library Stacks  |t 0  |e NK7107 .H4  |h Library of Congress classification  |i unmediated -- volume  |m A14809623276 
952 f f |p noncirc  |a Texas A&M University  |b College Station  |c Sterling C. Evans Library  |d Bodrum (located in Turkey)  |t 0  |e NK7107 .H4  |h Library of Congress classification  |i unmediated -- volume 
998 f f |a NK7107 .H4  |t 0  |l Evans: Library Stacks 
998 f f |a NK7107 .H4  |t 0  |l Bodrum (located in Turkey)